Agricultura, ciencia y sociedad /

La rapidez del crecimiento tecnológico amenaza la "salud" de los ecosistemas globales. La llamada "revolución verde" aumentó la productividad de los cultivos pero a costa de una mayor dependencia de insumos externos a la finca. Así mismo, esa forma de producir ha comprometido la...

Cur síos iomlán

Sábháilte in:
Sonraí bibleagrafaíochta
Príomhchruthaitheoir: Rodríguez Montero, Werner
Formáid: Téacs
Ábhair:
Clibeanna: Cuir clib leis
Níl clibeanna ann, Bí ar an gcéad duine le clib a chur leis an taifead seo!

MARC

LEADER 00000 a a2200000 04500
001 8750
003
040
100 |a Rodríguez Montero, Werner  
245 |a Agricultura, ciencia y sociedad /  |c Werner Rodríguez Montero 
520 |a La rapidez del crecimiento tecnológico amenaza la "salud" de los ecosistemas globales. La llamada "revolución verde" aumentó la productividad de los cultivos pero a costa de una mayor dependencia de insumos externos a la finca. Así mismo, esa forma de producir ha comprometido la sustentabilidad de los agroecosistemas. Por lo tanto, se impone el diseño de una nueva forma de producir. La meta de la agricultura ha dejado de ser la maximización para convertirse en la sustentabilidad. Esta "revolución azul" es la consecuencia de aplicar el manejo integrado a tres niveles: plagas-enfermedades, suelos y finca  
650 |a AGRICULTURA SOSTENIBLE  
650 |a PRODUCTIVIDAD AGRICOLA  
650 |a BIOTECNOLOGIA  
773 |g volumen 1, número 1; páginas 41-46  
999 |c 30805  |d 30805